Personnages de la série HPI par images - Statistiques

Statistiques générales
  • Ce quiz a été pris 281 fois
  • Le résultat moyen est 8 sur 12
Statistiques - réponses
Par images Réponse % Correct
Morgane Alvaro
99%
Adam Karadec
94%
Gilles Vandraud
87%
Céline Hazan
84%
Théa Alvaro
76%
Daphné Forestier
75%
Eliott Alvaro
75%
Timothée Guichard
66%
Roxane Ascher
64%
Henri
49%
Serge Alvaro
45%
Fred Prigent
27%
Aucun quiz correspondant
Distribution des résultats
% des personnes avec chaque résultat
Percentile par nombre de réponses
Votre historique - résultats
Vous n’avez pas pris ce quiz